Contaminación atmosférica

Furkejuvvon:
Bibliográfalaš dieđut
Váldodahkkit: Gallego Pico, Alejandrina, González Fernández, Ignacio (Dahkki), Sánchez Gimeno, Benjamín (Dahkki), Fernández Hernando, Pilar (Dahkki), Garcinuño Martínez, Rosa María (Dahkki), Bravo Yagüe, Juan Carlos (Dahkki), Pradana Pérez, Juan Angel (Dahkki), García Mayor, María Asunción (Dahkki), Durand Alegría, Jesús Senén (Dahkki)
Materiálatiipa: Girji
Giella:espánnjágiella
Almmustuhtton: Madrid, España. Universidad Nacional de Educación a Distancia, 2012
Fáttát:
Fáddágilkorat: Lasit fáddágilkoriid
Eai fáddágilkorat, Lasit vuosttaš fáddágilkora!

MARC

LEADER 00000cam a2200000 a 4500
001 UCC8590
003 CL-VaPUC
005 20211026074151.0
008 190719e20120000sp |||||||||||||||||spa|d
999 |c 374864  |d 374862 
020 |a 9788436264289 
040 |c Pontificia Universidad Católica de Valparaíso 
082 0 4 |a 344.046 GAL 2012  |2 21 
100 |a Gallego Pico, Alejandrina  |9 57 
245 1 0 |a Contaminación atmosférica 
260 |a Madrid, España.  |b Universidad Nacional de Educación a Distancia,  |c 2012 
300 |a 441 páginas  
583 |a last modification  |c 20190719 13:28:00  |k Rodrigo Vera 
650 0 |a Protección del medio ambiente  |9 257626 
650 0 |a Contaminación atmosférica  |9 262775 
700 0 |a González Fernández, Ignacio  |e author  |9 603270 
700 0 |a Sánchez Gimeno, Benjamín  |e author  |9 603271 
700 0 |a Fernández Hernando, Pilar  |e author  |9 603272 
700 0 |a Garcinuño Martínez, Rosa María  |e author  |9 603273 
700 0 |a Bravo Yagüe, Juan Carlos  |e author  |9 603274 
700 0 |a Pradana Pérez, Juan Angel  |e author  |9 603275 
700 0 |a García Mayor, María Asunción  |e author  |9 603276 
700 0 |a Durand Alegría, Jesús Senén  |e author  |9 603277 
852 |a BIBCUR 
942 |c BK  |2 ddc 
945 |d 20190719 13:28:00  |a dcastane 
952 |0 0  |1 0  |3 erb  |4 0  |6 344_046000000000000_GAL_2012  |7 0  |8 A  |9 493603  |a BIBING  |b BIBING  |d 2019-07-05  |e 2  |g 66287.00  |i 5555604  |o 344.046 GAL 2012  |p 5555604  |r 2025-01-20  |v 66287.00  |w 2019-11-24  |y BK  |z Catalogado en:20190719  |k EIQ